000 01202nam a22002057a 4500
003 MN-UlNLM
005 20220902122641.0
008 180924t2018 mp ||||| |||| 00| 0 mon d
040 _aМонгол Улсын Үндэсний номын сан
084 _2NNA
_a91.9:83
_bД 912
_q9
245 0 _aДэндэвийн Пүрэвдорж :1933-2009
_bСанамж өгөх ном зүй
_cЭмхэт. Х.Ундрах
_cХян. Д.Энхтунгалаг
260 1 _aУБ
_bСоёмбо принтинг
_c2018
300 _a52х
546 _aMongolia
653 _aЛавлах хэвлэл
740 _aӨмнөх үг.
_aЗохиолчийн намтар.
_aБие даасан зохиол, бүтээлүүд.
_a"Монголын уран зохиолын дээжис" 108 ботид орсон бүтээлийн жагсаалт.
_aХянаж засварласан ба хамтран оролцсон бүтээлүүд.
_aТогтмол хэвлэлд нийтлэгдсэн зохиол бүтээлүүд ба бусад.
_aЗохиолчийн тухай.
_aХүний нэрийн хэлхээс.
_aАшигласан материал.
856 _aprintbook
942 _cBK
999 _c88516
_d88573